| 000 | 00690nam a2200169 a 4500 | ||
|---|---|---|---|
| 001 | 000030140 | ||
| 005 | 20241206085813.0 | ||
| 008 | 110503s2009 dr d 000 0 spa d | ||
| 040 |
_aDO-SdBNP _bspa _cBNPHU |
||
| 082 |
_axxx _bR426a |
||
| 110 | 1 |
_aRepública Dominicana. _bSecretaría de Estado de la Mujer _938238 |
|
| 245 | 1 | 0 |
_aAtención integral en salud a la violencia contra la mujer e intrafamiliar : _bManual de capacitación básica dirigido al personal del sector salud / _cpresentación Alejandrina Germán. |
| 260 |
_aSanto Domingo : _bSecretaría de Estado de la Mujer, _c2009. |
||
| 300 |
_a155 p. : _bdiagrs. ; _c28 cm. |
||
| 700 | 1 |
_aGermán, Alejandrina _912096 |
|
| 049 | _aBNPD | ||
| 999 |
_c29632 _d29632 |
||